Statistics for Beastie Boys Discography

Click here to take the quiz!

General Stats

  • This quiz has been taken 3 times
  • The average score is 7 of 25

Answer Stats

Year Name Type % Correct
1994Ill CommunicationAlbum
100%
1989Paul's BoutiqueAlbum
100%
2007The Mix-UpAlbum
67%
1992Check Your HeadAlbum
67%
2004To the 5 BoroughsAlbum
67%
1986Licensed to IllAlbum
67%
1998Hello NastyAlbum
67%
2011Hot Sauce Committee Part TwoAlbum
33%
1994Some Old Bulls...Compilation
33%
1994SabotageVideo Album
33%
2005Solid Gold HitsCompilation
33%
1999Beastie Boys Anthology: The Sounds of ScienceCompilation
0%
2008The Mix-Up Bonus TracksEP
0%
2006Awesome; I F.....' Shot That!Video Album
0%
2000Beastie Boys Video AnthologyVideo Album
0%
1982Polly Wog StewEP
0%
1999Scientists of Sound (The Blow Up Factor Vol. 1)EP
0%
1998Nasty BitsEP
0%
1996The In Sound from Way Out!Compilation
0%
1995Root DownEP
0%
1994Pretzel NuggetEP
0%
1992The Skills to Pay the BillsVideo Album
0%
1989An Exciting Evening at Home with Shadrach, Meshach and AbednegoEP
0%
1987Beastie BoysVideo Album
0%
1995Aglio e OlioEP
0%

Score Distribution

Percentile by Number Answered

Percent of People with Each Score

Your Score History

You have not taken this quiz